000 00289nam a2200121Ia 4500
008 190216s9999||||xx |||||||||||||| ||und||
100 _aKingsley Williams Ge;Ed
245 4 _aThe White Company
260 _bOrient Longman
_c1973
300 _a190p
650 _aEnglish Novel
942 _cBK
999 _c12509
_d12509